| 000 | 01479cam a22003857a 4500 | ||
|---|---|---|---|
| 003 | CHAP | ||
| 005 | 20220329142038.0 | ||
| 008 | 990419d1995 mx rs o00110 spa d | ||
| 010 | _a77529 | ||
| 011 | _a78501 | ||
| 020 | _a9701308417 | ||
| 035 | _a88476 | ||
| 040 | _cCHAP | ||
| 082 | 0 | 4 |
_a317.2 _bI6 Camp. |
| 110 | 2 |
_aInstituto Nacional de Estadística, Geografía e Informática. México _959304 |
|
| 245 | 1 | 0 |
_aImágenes económicas : _bCampeche _c/por Instituto Nacional de Estadística, Geografía e Informática |
| 260 |
_aAguascalientes, Ags. : _bInstituto Nacional de Estadística, Geografía e Informática, _c1995. |
||
| 300 |
_a83 p. : _bgráfs. ; cuadros |
||
| 590 |
_aBATCH-UPD _b10 _c20130110 _lUCH01 _h0104 |
||
| 590 |
_aBATCH-UPD _b10 _c20130110 _lUCH01 _h0703 |
||
| 590 |
_aBATCH-UPD _b10 _c20130409 _lUCH01 _h2054 |
||
| 590 |
_aBATCH-UPD _b10 _c20130410 _lUCH01 _h1003 |
||
| 590 |
_aBATCH-UPD _b10 _c20130914 _lUCH01 _h0825 |
||
| 590 |
_aCONVERSION _b10 _c20130109 _lUCH01 _h1343 |
||
| 650 | 1 | 4 |
_aCampeche _xCondiciones económicas. _917981 |
| 650 | 1 | 4 |
_aCampeche _xEstadísticas. _917986 |
| 650 | 1 | 4 |
_aComercio _xEstadísticas _zCampeche. _925579 |
| 650 | 1 | 4 |
_aIndustria _xEstadísticas _xCampeche. _957705 |
| 650 | 1 | 4 |
_aTrabajo y trabajadores _xEstadísticas. _9114522 |
| 790 | _aCensos económicos, 1994 | ||
| 901 | _aBK | ||
| 905 | _aLilia Sánchez G. | ||
| 942 | _cLIBRO | ||
| 949 |
_a317.2 I6 Camp. _bBC _cINEGI _d33724000722450 _eINEGI _h95041 _i88476 _kDonaciØn _sb |
||
| 999 |
_c77529 _d77529 |
||